Les Grands sites de France labellisés. - Statistiques

Statistiques générales
  • Ce quiz a été pris 27 fois
  • Le résultat moyen est 3 sur 22
Statistiques - réponses
Département(s) Indice Site % Correct
30 PDG Pont du Gard
75%
79 et 85 MP Marais poitevin
54%
80 BDS Baie de Somme
29%
24 VDLV Vallée de la Vézère
25%
34 GDLH Gorges de l'Hérault
17%
63 CDPPDD Chaine des Puys Puy-de-Dôme
13%
30 CG Camargue gardoise
8%
22 CDECF Cap d'Erquy Cap Fréhel
8%
34 CDN Cirque de Navacelles
8%
56 DSDGAQ Dunes sauvages de Gâvres à Quiberon
8%
62 LDCBNGN Les Deux caps Blanc-Nez Gris-Nez
8%
07 ADO Aven d'Orgnac
4%
2B CDOVDPGDSF Conca d'Oru Vignoble de Patrimonio Golfe de Saint-Florent
4%
17 EDLCADR Estuaire de la Charente Arsenal de Rochefort
4%
2A ISPDLP Iles sanguinaires Pointe de la Parata
4%
66 MDC Massif du Canigou
4%
15 PMVDC Puy Mary Volcan du Cantal
4%
71 SPV Solutré Pouilly Vergisson
4%
58 BMB Bibracte Mont-Beuvray
0%
13 et 83 CMSV Concors Montagne Sainte-Victoire
0%
29 PDRCS Pointure du Raz Cap Sizun
0%
34 SGLD Saint-Guihem-le-Désert
0%
Aucun quiz correspondant
Distribution des résultats
% des personnes avec chaque résultat
Percentile par nombre de réponses
Votre historique - résultats
Vous n’avez pas pris ce quiz